| 000 | 01286cad a22002175a 4500 | ||
|---|---|---|---|
| 001 | L158920 | ||
| 008 | 151007s2015 xxk f 000 0 eng d | ||
| 035 | _a(Sirsi) u158920 | ||
| 041 | 0 | _aeng | |
| 110 | 1 |
_aUnited Kingdom _bHM Treasury |
|
| 245 | 0 | 0 |
_aNational Infrastructure Plan for Skills _h[electronic resource] |
| 260 |
_aLondon _bHM Treasury _c2015 |
||
| 520 | _aPresents an analysis of the skills landscape in the UK and sets out the key challenges faced by the industry to deliver the infrastructure pipeline. The findings include that there is a demand for over 250 000 construction workers and over 150 000 engineering construction workers by 2020; there is also a need to train and upskill around 250,000 of the existing workforce over the next decade in addition to the need to recruit new workers. Skilled workers need to find it easier to move between sectors and projects in order to reduce the key skills shortages for major projects and programmes. | ||
| 590 | _aKA | ||
| 650 | 2 | 4 | _aSKILL GAP |
| 650 | 2 | 4 | _aSKILLS |
| 651 | 4 | _aUnited Kingdom | |
| 690 |
_aInfrastructure _96246 |
||
| 856 | 4 | 0 |
_uhttps://www.gov.uk/government/uploads/system/uploads/attachment_data/file/464354/NIP_for_skills_final_web.pdf _zView the report free of charge at www.gov.uk |
| 942 | _n0 | ||
| 999 |
_c115585 _d115585 |
||